00000000cam 2200000zi 4500
0019.957898
003CaOODSP
00520260420132001
006m     o  d f      
007cr cn|||||||||
008251202e20251211onc     obs  f000 0 eng d
020 |a9780660975375
040 |aCaOODSP|beng|erda|cCaOODSP
043 |an-cn---
0861 |aCS11-621/193E-PDF
1001 |aPalmer, Kaiden, |eauthor.
24510|aAnalysis on small businesses in Canada, fourth quarter of 2025 / |cby Kaiden Palmer, Stephanie Tam and Chris Johnston.
264 1|a[Ottawa] : |bStatistics Canada = Statistique Canada, |cDecember 11, 2025.
264 4|c©2025.
300 |a1 online resource (6 pages).
336 |atext|btxt|2rdacontent
337 |acomputer|bc|2rdamedia
338 |aonline resource|bcr|2rdacarrier
4901 |aAnalysis in brief, |x1707-0503
500 |aCover title.
500 |aThe publication file in PDF format was replaced on 20-04-2026 as requested by Statistics Canada.
500 |aIssued also in French under title: Analyse des petites entreprises au Canada, quatrième trimestre de 2025.
500 |a"Release date: December 11, 2025."
500 |a"Correction date: March 26, 2026."
500 |a"On March 18, 2026. the survey weights applied across all Canadian Survey on Business Conditions tables for the fourth quarter of 2025 was corrected. As a result, many data points have been updated. However, some values remained unchanged. Consequently, updates were made to affected data points throughout this article to reflect the corrected values"--Correction notice.
504 |aIncludes bibliographical references.
650 0|aSmall business|zCanada|vStatistics.
655 7|aStatistics|2lcgft
7102 |aStatistics Canada, |eissuing body.
77508|tAnalyse des petites entreprises au Canada, quatrième trimestre de 2025 / |w(CaOODSP)9.957900
830#0|aAnalysis in brief (Statistics Canada)|w(CaOODSP)9.504715
85640|qPDF|s207 KB|uhttps://publications.gc.ca/collections/collection_2025/statcan/11-621-m/11-621-m2025015-eng.pdf
8564 |qHTML|sN/A|uhttps://www150.statcan.gc.ca/n1/pub/11-621-m/11-621-m2025015-eng.htm
986 |a11‑621‑M